| LEADER | 00595cam a2200217 4500 | ||
|---|---|---|---|
| 001 | 009593237-2 | ||
| 005 | 20050331153425.0 | ||
| 008 | 710907q19601969nr 000 0 eng | ||
| 010 | |a 79288469 | ||
| 035 | 0 | |a ocm00198233 | |
| 040 | |a DLC |c DLC |d OCL | ||
| 043 | |a f-nr--- | ||
| 050 | 0 | |a LA1611.N5 |b N32 | |
| 100 | 1 | |a Ndayako, Samuila. | |
| 245 | 1 | 0 | |a Patriotism in colonial educational policy in the Northern States, |c by S. Ndayako. |
| 260 | |a [Kaduna, Nigeria, |b Baraka Press, |c 196-?] | ||
| 300 | |a 20 p. |c 17 cm. | ||
| 650 | 0 | |a Education |z Nigeria. | |
| 988 | |a 20050331 | ||
| 049 | |a HLSS | ||
| 906 | |0 DLC | ||


